000 00972nam a2200265Ia 4500
003 OSt
005 20220923211446.0
006 a|||||r|||| 00| 0
007 ta
008 220922b |||||||| |||| 00| 0 hin d
020 _a9789350641910 (pbk)
_c395
024 _a325,562
037 _b401, 13/03/2018, Eastern Book Linkers
_cTextual
040 _aARTS
_cARTS
_bhin
041 _2hin
_ahin
082 _aO152,3I43,DS, Q5
100 _aभटनागर, राजेन्द्र मोहन, ले.
_9160547
245 0 _aदलित संत
246 _aDalit santa
260 _aदिल्ली
_b राजपाल एण्ड सन्ज़
_c2015
300 _a319पृ.
_ccm.
650 _aहिन्दी साहित्य
_9156264
942 _hO152,3I43,DS, Q5
_cTEXL
_2CC
999 _c299738
_d299738